Kĩ thuật 5

Guardado en:
Detalles Bibliográficos
Autor principal: Đoàn, Chi
Otros Autores: Nguyễn, Huỳnh Liễu
Formato: Libro
Lenguaje:Undetermined
Publicado: H. Giáo dục 2008
Materias:
Acceso en línea:http://lrc.tdmu.edu.vn/opac/search/detail.asp?aID=2&ID=4587
Etiquetas: Agregar Etiqueta
Sin Etiquetas, Sea el primero en etiquetar este registro!
Thư viện lưu trữ: Trung tâm Học liệu Trường Đại học Thủ Dầu Một
LEADER 00571nam a2200205Ia 4500
001 TDMU_4587
008 210410s9999 xx 000 0 und d
082 |a 372.35 
090 |b Đ406 
100 |a Đoàn, Chi 
245 0 |a Kĩ thuật 5 
245 0 |c Đoàn Chi 
260 |a H. 
260 |b Giáo dục 
260 |c 2008 
300 |a 64tr 
650 |a Sách lớp 5 
700 |a Nguyễn, Huỳnh Liễu 
856 |u http://lrc.tdmu.edu.vn/opac/search/detail.asp?aID=2&ID=4587 
980 |a Trung tâm Học liệu Trường Đại học Thủ Dầu Một